003850000a2200097000450024501320000004100140013270000270014670000320017310000290020577300530023410aDinámica de la población zooplantónica (excepto protozoa) en la Laguna del Parque Norte, Medellín (Antioquia, Colombia)0 aEspañol1 aGaviria Melo, Santiago1 aRamíres Restrepo, John J.1 aGallo Sánchez, Lina J.1 tActualidades Biológicash81q231-241d2004g26